| 000 | 00476nam a22001817a 4500 | ||
|---|---|---|---|
| 999 |
_c257663 _d257662 |
||
| 003 | OSt | ||
| 005 | 20190903113152.0 | ||
| 008 | 190903b xxu||||| |||| 00| 0 eng d | ||
| 010 | _a63018834 | ||
| 020 | _a9780500200087 | ||
| 040 | _cn/a | ||
| 050 |
_aN6370 _b .M97 |
||
| 100 |
_aMurray, Peter, _d1920-1992. |
||
| 245 | _aThe art of the Renaissance | ||
| 260 |
_aNew York, Praeger _bThames and Hudson inc. _c2006 |
||
| 300 |
_a286 p. _b illus. _c 22 cm. |
||
| 942 |
_2lcc _cBK |
||